Hollingsworth : the man, the artist, and his work /

Bibliographic Details
Main Author: Hollingsworth, William R. (William Robert), 1910-1944
Other Authors: Hollingsworth, Jane
Format: Book
Language:English
Published: Jackson : University Press of Mississippi, 1981.
Series:Mississippi art series.
Subjects:

MARC

Tag First Indicator Second Indicator Subfields
LEADER 00000pam a2200000 a 4500
001 in00000084898
005 20151008054418.0
008 810320s1981 msuaf 00010aeng
010 |a  81002682  
020 |a 0878051384 
035 |a (OCoLC)07329020 
035 |9 AAJ0582AM 
039 0 |a 2  |b 3  |c 3  |d 3  |e 3 
040 |a DLC  |c DLC  |d TXA  |d UtOrBLW 
049 |a TXAM  |c [1442093] 
050 0 0 |a N6537.H57  |b A2 1981 
082 0 |a 759.13  |a B  |2 19 
100 1 |a Hollingsworth, William R.  |q (William Robert),  |d 1910-1944. 
245 1 0 |a Hollingsworth :  |b the man, the artist, and his work /  |c edited by Jane Hollingsworth ; introduction by O.C. McDavid. 
264 1 |a Jackson :  |b University Press of Mississippi,  |c 1981. 
300 |a 143 pages, 16 unnumbered pages of plates :  |b illustrations (some color) ;  |c 25 x 28 cm. 
336 |a text  |b txt  |2 rdacontent 
337 |a unmediated  |b n  |2 rdamedia 
338 |a volume  |b nc  |2 rdacarrier 
490 1 |a Mississippi art series 
600 1 0 |a Hollingsworth, William R.  |q (William Robert),  |d 1910-1944. 
650 0 |a Artists  |z Mississippi  |x Biography. 
700 1 |a Hollingsworth, Jane. 
830 0 |a Mississippi art series. 
999 |a MARS 
999 f f |s d72627be-ccff-3ec8-94b5-26c795e2f6d0  |i f824050f-0ef0-3dd8-94e8-42a0daf937db  |t 0 
952 f f |p normal  |a Texas A&M University  |b College Station  |c Sterling C. Evans Library  |d Evans: Library Stacks  |t 0  |e N6537.H57 A2 1981  |h Library of Congress classification  |i unmediated -- volume  |m A14806166429 
998 f f |a N6537.H57 A2 1981  |t 0  |l Evans: Library Stacks